[Event "Silver Lake Open-A 2018"]
[Site "Veliko Gradiste"]
[Date "2018.06.17"]
[Round "1"]
[White "Nikolaou, Spiridon"]
[Black "Hirneise, Tobias"]
[Result "0-1"]
[WhiteElo "2201"]
[BlackElo "2461"]
[Annotator "TA"]
[PlyCount "106"]
[EventDate "2018.06.17"]
[EventType "swiss"]
[EventCountry "SRB"]
[SourceTitle "playchess.com"]
[Source "ChessBase"]
[SourceQuality "1"]

{[%evp 25,106,-23,-18,-33,-28,-34,-35,-99,-99,-106,-106,-162,-159,-195,-95,-93,-100,-119,-135,-133,-123,-151,-151,-141,-137,-133,-100,-139,-126,-142,-151,-162,-152,-196,-193,-193,-198,-189,-182,-214,-207,-219,-150,-168,-173,-166,-172,-228,-184,-188,-218,-198,-207,-216,-203,-370,-373,-373,-361,-356,-195,-197,-192,-225,-207,-246,-249,-290,-273,-354,-334,-370,-351,-354,-341,-350,-347,-377,-283,-385,-380,-341,-256]} 1. d4 Nf6 2. c4 c6 3. Nc3 d5 4. Nf3 dxc4 5. a4 Bf5 6. Ne5 Nbd7 7. Nxc4 Nb6 8. Ne5 a5 9. f3 {D17: Slav Defence: 5 a4 Bf5: Lines with 6 Nh4 and 6 Ne5} (9. e3 Nbd7 10. Bd3 Bxd3 11. Nxd3 g6 12. Qb3 Qb6 13. Qxb6 Nxb6 14. Ke2 Bg7 15. Nc5 Ra7 16. e4 O-O {½-½ (49) Vidit,S (2707)-Bu,X (2725) Liaocheng 2018}) 9... Nfd7 10. e4 Nxe5 11. dxe5 Qxd1+ 12. Kxd1 Be6 13. Kc2 Nd7 {LiveBook: 7 Games} 14. Rb1 Nxe5 15. f4 Ng4 16. b4 $146 ({White should try} 16. Be2 $15 Nf6 17. Rd1) ({Predecessor:} 16. Be2 Nf6 {½-½ (28) Gladyszev,O (2438)-Kargin,A (2442) Elets 2014}) 16... axb4 $17 17. Rxb4 Bc8 18. h3 (18. Be2 $17 {is a better defense.}) 18... e5 $19 19. Rb1 Nf6 (19... Nf2 $19 20. Rh2 f5 21. fxe5 Nxe4) 20. fxe5 $17 Nd7 21. Bc4 Nxe5 22. Bb3 Bd6 23. Bf4 Ke7 24. Rhd1 {And now Rxd6! would win.} f6 25. Ne2 Rd8 26. Rd2 Bd7 27. g4 Bb4 28. Rdd1 b5 {[%cal Bb7b5,Bb5a4][%mdl 32]} 29. g5 bxa4 30. gxf6+ gxf6 (30... Kxf6 31. Ba2 $11) 31. Ba2 Bc5 32. Rb7 Ra7 $1 {[%cal Ra7b7]} 33. Rdb1 Ng6 {...Rxb7 is the strong threat.} 34. Rxa7 Bxa7 35. Bc7 Ra8 ({Not} 35... Bxh3 36. Rb7 $14) 36. h4 (36. Ng3 {keeps fighting.}) 36... Be3 ({Resist} 36... Nxh4 37. Rh1 $15) 37. h5 Ne5 38. Ng3 Ra7 39. Bb8 {[#]} Ra5 $1 {[%cal Ra5c5] Threatens to win with ...Rc5+.} 40. Rb7 $2 (40. Nf5+ Bxf5 41. exf5) 40... Rc5+ $19 41. Kd1 {Hoping for Nf5+.} Kd8 {( -> ...Bg4+)} 42. Nf5 {White wants to mate with Bc7+.} Bxf5 (42... Rc1+ $142 43. Ke2 Bc5 44. Bxe5 fxe5) 43. exf5 {[#]} Rb5 $1 {[%cal Rb5b7]} 44. Rxb5 cxb5 {[%mdl 4096] Endgame KBB-KBN} 45. Bd6 Nc6 46. Bf8 Nd4 47. Bb1 Kd7 48. Bc5 Kc6 49. Be7 Bg5 50. Be4+ Kb6 51. Bb4 h6 52. Ke1 Nc6 53. Bd6 b4 {Precision: White = 34%, Black = 71%.} 0-1

[Event "Silver Lake Open-A 2018"]
[Site "Veliko Gradiste"]
[Date "2018.06.17"]
[Round "1"]
[White "Sahil, Tickoo"]
[Black "Perunovic, Milos"]
[Result "1-0"]
[WhiteElo "2179"]
[BlackElo "2596"]
[Annotator "TA"]
[PlyCount "134"]
[EventDate "2018.06.17"]
[EventType "swiss"]
[EventCountry "SRB"]
[SourceTitle "playchess.com"]
[Source "ChessBase"]
[SourceQuality "1"]

{[%evp 16,134,45,22,27,22,54,34,64,61,77,74,91,102,90,63,128,138,123,135,231,239,278,258,272,294,280,275,697,691,684,687,670,549,693,679,905,730,833,460,452,422,467,391,471,479,680,655,682,672,622,404,435,381,388,377,392,387,377,359,372,347,427,411,451,446,458,441,430,402,384,399,392,397,441,436,507,504,513,520,755,751,740,740,698,693,610,591,786,791,854,879,709,566,613,483,669,655,747,757,739,723,2089,2054,1736,1681,1354,1319,5575,4457,29964,5897,5137,5073,2838,2735,29976,29977,29978,29979,29990]} 1. d4 Nf6 2. Bf4 e6 3. e3 b6 4. Nd2 Bb7 5. h3 Be7 6. Ngf3 O-O 7. Bd3 c5 8. c3 cxd4 {A47: 1 d4 Nf6 2 Nf3 b6: Torre, London and Colle Systems} 9. cxd4 {LiveBook: 23 Games} (9. exd4 Ba6 10. Bxa6 {½-½ (10) Nisipeanu,L (2671)-Bauer,C (2647) Zuerich 2017}) 9... Nd5 10. Bh2 Nc6 {The position is equal.} 11. a3 f5 12. O-O Rf6 13. Re1 $146 ({Predecessor:} 13. Qe2 Rg6 14. Ba6 Qc8 15. Bxb7 Qxb7 16. Rfc1 Rf8 17. Qd3 Qa8 18. Kf1 Qb7 19. Nc4 {½-½ (19) Kopisch,M (2147)-Breyther,R (2336) Hamburg 2014}) 13... Qf8 14. Rc1 Rh6 15. Nc4 d6 (15... Rc8 $14) 16. e4 $16 fxe4 17. Bxe4 Kh8 (17... Nd8 $16 {was worth a try.} 18. Ne3 Nxe3 19. Rxe3 Bxe4 20. Rxe4 Qe8) 18. Ne3 $18 Qf7 19. Qe2 Rf8 20. Bxd5 exd5 21. Ng4 Bf6 $2 {[#]} (21... Rg6 22. Rxc6 Bxc6) 22. Nxh6 gxh6 23. Bxd6 Rg8 24. Bg3 Qg7 25. Ne5 Nxd4 26. Qg4 Nb3 27. Qxg7+ Rxg7 28. Rcd1 h5 29. Nd3 Kg8 30. Be5 ({Weaker is} 30. Re8+ Kf7 $18) 30... Kf7 (30... Nd4 $142 31. Bxf6 Nf3+ 32. Kh1 Nxe1 33. Rxe1 Rc7) 31. Bxf6 Kxf6 32. Nf4 Rg5 33. h4 Rf5 34. Ne2 Re5 35. Nc1 Rxe1+ 36. Rxe1 {[%mdl 4096] Endgame KRN-KBN} Nc5 37. f3 d4 38. Kf2 Ba6 39. b4 Na4 40. Re4 d3 41. Ke3 Nb2 {and the idea ...Nc4+ leaves Black hopeful.} 42. Rd4 Nc4+ 43. Kxd3 Nxa3+ 44. Ke4 Bb5 45. Rd6+ Kg7 46. Nb3 Be8 47. Nd4 Nc4 48. Nf5+ Kf7 49. Rd4 Bc6+ 50. Kf4 Na3 51. Rd6 Ba4 52. Kg5 Nc2 53. Rf6+ Ke8 54. Ng7+ Ke7 55. Rf4 Bb3 56. Nf5+ Ke6 57. Nd4+ Nxd4 58. Rxd4 {KR-KB} a5 59. bxa5 bxa5 60. f4 {[%cal Bf3f4,Bf4f5,Bf5f6][%mdl 32]} a4 61. Rd3 Bc2 62. Rc3 Be4 {[#]} 63. f5+ $1 Ke5 (63... Bxf5 64. Re3+) 64. Rc5+ Kd6 65. Ra5 Bc6 66. f6 Be8 67. Ra8 Kd5 {Precision: White = 80%, Black = 29%.} 1-0

[Event "Silver Lake Open-A 2018"]
[Site "Veliko Gradiste"]
[Date "2018.06.17"]
[Round "1"]
[White "Tashev, Aleksandar"]
[Black "Lajthajm, Borko"]
[Result "1/2-1/2"]
[WhiteElo "2161"]
[BlackElo "2432"]
[Annotator "TA"]
[PlyCount "31"]
[EventDate "2018.06.17"]
[EventType "swiss"]
[EventCountry "SRB"]
[SourceTitle "playchess.com"]
[Source "ChessBase"]
[SourceQuality "1"]

{[%evp 20,24,-4,3,23,18,23]} 1. Nf3 Nf6 2. g3 d5 3. Bg2 c6 4. O-O Bf5 5. d4 h6 6. c4 e6 7. Nc3 Nbd7 8. Nd2 Be7 9. e4 dxe4 10. Ndxe4 Nxe4 {D11: Slav Defence: 3 Nf3 sidelines and 3...Nf6 4 e3 Bg4} (10... O-O 11. Qe2 Nxe4 12. Nxe4 Nf6 13. Rd1 Re8 14. Bf4 Nxe4 15. Bxe4 Bf6 16. Rd2 Qa5 17. Bxf5 exf5 18. Qd3 Rad8 19. d5 Re4 20. Be3 {0-1 (44) Adly,A (2619)-Short,N (2688) Abu Dhabi 2017}) 11. Nxe4 {LiveBook: 23 Games} Nb6 12. b3 O-O {Predecessor:} 13. Bb2 $146 Bxe4 14. Bxe4 Bf6 15. Rb1 Qd7 16. Qd3 {½-½ (16) Mozna Hojdarova,E (1970)-Kantor,J Halle/Saale 1981} 1/2-1/2

[Event "Silver Lake Open-A 2018"]
[Site "Veliko Gradiste"]
[Date "2018.06.17"]
[Round "1"]
[White "Garabetyan, Arno"]
[Black "Karavade, Eesha"]
[Result "1/2-1/2"]
[WhiteElo "2141"]
[BlackElo "2399"]
[Annotator "NA"]
[PlyCount "32"]
[EventDate "2018.06.17"]
[EventType "swiss"]
[EventCountry "SRB"]
[SourceTitle "playchess.com"]
[Source "ChessBase"]
[SourceQuality "1"]
[TimeControl "40/5400+30:900+30"]

1. d4 {[%emt 0:00:00]} Nf6 {[%emt 0:00:23]} 2. c4 {[%emt 0:00:00]} e6 {[%emt 0:00:16]} 3. Nc3 {[%emt 0:00:17]} Bb4 {[%emt 0:05:40]} 4. Bd2 {[%emt 0:00:20]} d5 {[%emt 0:02:31]} 5. Nf3 {[%emt 0:03:43]} O-O {[%emt 0:00:12]} 6. e3 {[%emt 0:01:05]} b6 {[%emt 0:02:04]} 7. Rc1 {[%emt 0:01:17]} Ba6 {[%emt 0:05:44]} 8. Qa4 {[%emt 0:03:30]} c5 {[%emt 0:04:38]} 9. a3 {[%emt 0:07:00]} Bxc3 {[%emt 0:00:11]} 10. Bxc3 {[%emt 0:00:18]} Ne4 {[%emt 0:09:23]} 11. Be2 {[%emt 0:10:22]} dxc4 {[%emt 0:03:28]} 12. Bxc4 {[%emt 0:00:21]} Bxc4 {[%emt 0:01:13]} 13. Qxc4 {[%emt 0:00:10]} Nd7 {[%emt 0:02:19]} 14. O-O {[%emt 0:07:40]} Rc8 {[%emt 0:02:39]} 15. Rfd1 {[%emt 0:04:17]} Nxc3 {[%emt 0:03:25]} 16. Rxc3 {[%emt 0:08:54]} cxd4 {[%emt 0:04:25]} 1/2-1/2

[Event "Silver Lake Open-A 2018"]
[Site "Veliko Gradiste"]
[Date "2018.06.17"]
[Round "1"]
[White "Ivanovic, Marko"]
[Black "Kanakaris, Georgios"]
[Result "0-1"]
[WhiteElo "2133"]
[BlackElo "2399"]
[Annotator "TA"]
[PlyCount "117"]
[EventDate "2018.06.17"]
[EventType "swiss"]
[EventCountry "SRB"]
[SourceTitle "playchess.com"]
[Source "ChessBase"]
[SourceQuality "1"]

{[%evp 9,117,8,16,-14,-14,-30,-31,-43,-31,-86,-18,-36,-30,-89,-87,-137,-117,-177,-128,-137,-115,-131,-51,-42,0,-86,-22,-38,-25,-39,-13,-19,-13,-73,-68,-72,-22,-32,-31,-19,-11,-56,0,-93,-91,-94,-3,0,38,-43,-44,-77,-60,-68,-71,-28,-60,-57,-34,-196,-175,-240,-254,-260,-240,-268,-252,-221,-47,-434,-333,-401,-347,-320,-293,-319,-285,-283,-276,-825,-825,-811,-812,-787,-766,-707,-689,-818,-818,-811,-811,-795,-781,-775,-769,-747,-747,-738,-724,-1016,-1320,-1016,-843,-5185,-5189,-5187,-5123,-4132,-1720,-959]} 1. d4 Nf6 2. Bf4 e6 3. Nc3 d5 4. e3 Bd6 (4... Bb4 5. Nge2 Nh5 6. a3 Be7 7. Be5 Nd7 8. g4 Nhf6 9. Bf4 O-O 10. Ng3 c5 11. g5 Ne8 12. h4 {1-0 (47) Rapport,R (2698)-Grischuk,A (2750) chess.com INT 2017}) 5. Bxd6 Qxd6 {LiveBook: 3 Games} 6. Nf3 {D00: 1 d4 d5: Unusual lines} O-O 7. Qd2 c5 8. O-O-O {Black is slightly better.} Nc6 9. Bd3 $146 (9. dxc5 $15 Qxc5 10. Bb5) ({Predecessor:} 9. dxc5 Qxc5 10. Nd4 a6 11. f4 Na5 12. Nb3 Qc7 13. Nxa5 Qxa5 {½-½ (42) Golenia,W (2001)-Kumor,L (2088) Krakow 2016}) 9... Rb8 (9... c4 $17 10. Be2 a6) 10. dxc5 $1 $11 Qxc5 11. g4 (11. Nd4 $11) 11... Nxg4 $17 12. Qe2 {intending Bxh7+!} f5 13. Rdg1 (13. Rhg1 $17 {is a better defense.}) 13... Nf6 14. Rg5 {[#]} b5 $1 {[%mdl 512]} 15. Rhg1 (15. Nxb5 e5) 15... Rb7 (15... Rf7 $17 16. Bxb5 Rc7 17. Bxc6 Qxc6) 16. Bxb5 $15 Rc7 17. Bd3 (17. Bxc6 $11 Qxc6 18. Ne5) 17... Qa5 ({Black should try} 17... Qb6 $17) 18. a3 Re7 19. Nd4 Nxd4 20. exd4 Qc7 21. Qe5 (21. R5g2 $11) 21... Qxe5 $17 22. dxe5 Ng4 23. f4 Nxh2 24. Be2 g6 25. Kd2 Kg7 (25... a5 $15) 26. R1g2 {[#]} (26. R5g2 $11 {keeps the balance.} Ng4 27. Bxg4 fxg4 28. Rxg4) 26... Ng4 $1 {[%mdl 512]} 27. Bxg4 {[#] Black must now prevent Bf3.} fxg4 (27... h6 $1 $17 {[%cal Rh6g5]} 28. Rxf5 gxf5 29. Bxf5+ Kh8) 28. R5xg4 $11 Ref7 29. Ke3 (29. Ne2 $1 $14) 29... Ba6 30. b4 {[#]} d4+ $1 {[%mdl 512]} 31. Kxd4 Rxf4+ 32. Rxf4 Rxf4+ $15 {[%mdl 4096] Endgame KRB-KRN} 33. Ke3 Rc4 34. Kd2 $2 {[#]} (34. Nd1 $1 $15) 34... h5 $1 $19 {[%cal Bh7h5,Bh5h4][%mdl 32]} 35. Rg3 (35. b5 $142 Bb7 36. Rh2) 35... h4 36. Rd3 Rc7 37. b5 Bb7 38. Ne2 Be4 $2 (38... g5 $19 {Hoping for ...Bd5.} 39. a4 Kg6) 39. Rh3 $2 {[%mdl 8192]} (39. Rd4 $1 $15 Rxc2+ 40. Ke3) 39... g5 40. Nd4 Kf7 41. Rh2 Rc5 42. Rf2+ Ke7 43. Re2 Bb7 44. Nc6+ $2 (44. Rh2) 44... Bxc6 {Black is clearly winning.} 45. bxc6 {KR-KR} h3 46. Rh2 g4 47. Ke3 Rc3+ 48. Kf4 g3 49. Rxh3 {[#]} g2 $1 {[%mdl 512]} 50. Rxc3 g1=Q {KQ-KR} 51. Ke4 Qg2+ 52. Ke3 Kd8 53. c7+ Kc8 54. Rd3 Qxc2 55. Kd4 Qc6 56. Rc3 Qd5+ 57. Ke3 Qxe5+ 58. Kd2 Qf4+ 59. Ke2 {Precision: White = 19%, Black = 51%.} 0-1

[Event "Silver Lake Open-A 2018"]
[Site "Veliko Gradiste"]
[Date "2018.06.17"]
[Round "1"]
[White "Savic, Milan M"]
[Black "Kantorik, Marian"]
[Result "1-0"]
[WhiteElo "1853"]
[BlackElo "2260"]
[Annotator "ChessBase"]
[PlyCount "77"]
[EventDate "2018.06.17"]
[EventType "swiss"]
[EventCountry "SRB"]
[SourceTitle "playchess.com"]
[Source "ChessBase"]
[SourceQuality "1"]
[TimeControl "40/5400+30:900+30"]

1. e4 {[%emt 0:00:00]} e6 {[%emt 0:00:21]} 2. d4 {[%emt 0:00:04]} d5 {[%emt 0:00:09]} 3. e5 {[%emt 0:01:41]} c5 {[%emt 0:00:15]} 4. c3 {[%emt 0:00:02]} Qb6 {[%emt 0:00:13]} 5. Nf3 {[%emt 0:01:53]} Bd7 {[%emt 0:01:01]} 6. Be2 {[%emt 0:01:22]} Bb5 {[%emt 0:00:19]} 7. Bxb5+ {[%emt 0:07:30]} Qxb5 {[%emt 0:00:09]} 8. a4 {[%emt 0:00:21]} Qb6 {[%emt 0:06:47]} 9. O-O {[%emt 0:16:25]} cxd4 {[%emt 0:03:38]} 10. a5 {[%emt 0:02:28]} Qc7 {[%emt 0:02:45]} 11. Qa4+ {[%emt 0:11:21]} Qd7 {[%emt 0:05:16]} 12. Nxd4 {[%emt 0:07:05]} Qxa4 {[%emt 0:13:32]} 13. Rxa4 {[%emt 0:00:08]} a6 {[%emt 0:02:02]} 14. c4 {[%emt 0:02:51]} Ne7 {[%emt 0:03:06]} 15. Bg5 {[%emt 0:08:11]} Nbc6 {[%emt 0:09:11]} 16. cxd5 {[%emt 0:08:06]} Nxd4 {[%emt 0:05:50]} 17. Rxd4 {[%emt 0:00:03]} Nxd5 {[%emt 0:00:11]} 18. Rc1 {[%emt 0:11:01]} Bb4 {[%emt 0:05:25]} 19. Bd2 {[%emt 0:01:00]} Bxd2 {[%emt 0:02:52]} 20. Nxd2 {[%emt 0:00:02]} Ke7 {[%emt 0:01:11]} 21. Rdc4 {[%emt 0:04:10]} Rab8 {[%emt 0:04:29]} 22. g3 {[%emt 0:02:41]} f6 {[%emt 0:02:11]} 23. Nf3 {[%emt 0:00:39]} Rhd8 {[%emt 0:05:31]} 24. Rh4 {[%emt 0:00:42]} h6 {[%emt 0:00:56]} 25. Rg4 {[%emt 0:01:13]} Kf7 {[%emt 0:01:32]} 26. exf6 {[%emt 0:00:51]} gxf6 {[%emt 0:04:40]} 27. Rh4 {[%emt 0:00:02]} Rh8 {[%emt 0:01:18]} 28. Nd4 {[%emt 0:01:23]} h5 {[%emt 0:05:05]} 29. Rc5 {[%emt 0:01:00]} Rbc8 {[%emt 0:02:56]} 30. Rxh5 {[%emt 0:03:52]} Rxc5 {[%emt 0:00:51]} 31. Rxh8 {[%emt 0:00:01]} Rc4 {[%emt 0:00:13]} 32. Nf3 {[%emt 0:05:37]} Rb4 {[%emt 0:00:13]} 33. Rh7+ {[%emt 0:00:25]} Ke8 {[%emt 0:07:17]} 34. h4 {[%emt 0:00:10]} Rxb2 {[%emt 0:00:27]} 35. h5 {[%emt 0:00:21]} Kf8 {[%emt 0:01:10]} 36. Nd4 {[%emt 0:00:37]} b6 {[%emt 0:01:47]} 37. Nxe6+ {[%emt 0:00:21]} Kg8 {[%emt 0:00:07]} 38. Rg7+ {[%emt 0:00:17]} Kh8 {[%emt 0:00:06]} 39. h6 {[%emt 0:01:11]} 1-0

[Event "Silver Lake Open-A 2018"]
[Site "Veliko Gradiste"]
[Date "2018.06.18"]
[Round "2"]
[White "Stojanovic, Mihajlo"]
[Black "Ozen, Bahadir"]
[Result "*"]
[WhiteElo "2488"]
[BlackElo "2316"]
[Annotator "TA"]
[PlyCount "30"]
[EventDate "2018.06.17"]
[EventType "swiss"]
[EventCountry "SRB"]
[SourceTitle "playchess.com"]
[Source "ChessBase"]
[SourceQuality "1"]

{[%evp 9,10,37,75]} 1. d4 g6 2. c4 Bg7 3. Nc3 d6 4. Nf3 Nd7 5. e4 e6 {Predecessor:} 6. Be2 $146 Ne7 7. O-O O-O 8. Be3 h6 9. Qd2 g5 10. d5 e5 11. Ne1 f5 12. exf5 Nxf5 13. Ne4 Nf6 14. Bd3 Nh4 15. Nxf6+ Qxf6 {½-½ (51) Pogonina,N (2456)-Zhao,X (2527) Sochi 2015} *

[Event "Silver Lake Open-A 2018"]
[Site "Veliko Gradiste"]
[Date "2018.06.18"]
[Round "2"]
[White "Pikula, Dejan"]
[Black "Kiremitciyan, Ari"]
[Result "*"]
[WhiteElo "2471"]
[BlackElo "2307"]
[Annotator "TA"]
[PlyCount "38"]
[EventDate "2018.06.17"]
[EventType "swiss"]
[EventCountry "SRB"]
[SourceTitle "playchess.com"]
[Source "ChessBase"]
[SourceQuality "1"]

{[%evp 20,21,42,31]} 1. e4 c5 2. Nf3 Nc6 3. d4 cxd4 4. Nxd4 g6 5. Nc3 Bg7 6. Be3 Nf6 7. Bc4 O-O 8. Bb3 Qa5 9. O-O d6 10. h3 Bd7 11. Re1 {Predecessor:} Rac8 $146 12. Qd2 Qa6 13. f4 Rfd8 14. Rad1 b5 15. Ndxb5 Nxe4 16. Qd5 Nf6 17. Qxf7+ Kh8 18. Qc4 Qb7 19. Qe2 Rf8 {½-½ (47) Sasikiran,K (2669)-Matlakov,M (2714) Khanty-Mansiysk 2017} *

[Event "Silver Lake Open-A 2018"]
[Site "Veliko Gradiste"]
[Date "2018.06.18"]
[Round "2"]
[White "Kosanovic, Goran A"]
[Black "Savic, Miodrag R"]
[Result "*"]
[WhiteElo "2345"]
[BlackElo "2545"]
[Annotator "TA"]
[PlyCount "34"]
[EventDate "2018.06.17"]
[EventType "swiss"]
[EventCountry "SRB"]
[SourceTitle "playchess.com"]
[Source "ChessBase"]
[SourceQuality "1"]

{[%evp 13,14,30,44]} 1. e4 d5 2. exd5 Qxd5 3. Nc3 Qa5 4. d4 c6 5. Nf3 Nf6 6. Bc4 Bf5 7. Bd2 e6 {Predecessor:} 8. Nd5 $146 Qd8 9. Nxf6+ gxf6 10. O-O Nd7 11. Re1 Qc7 12. Nh4 Bg6 13. Bb3 O-O-O 14. Qe2 Bd6 15. g3 f5 16. Ng2 Rhg8 17. Bg5 Rde8 {1-0 (51) Quesada Perez,Y (2624)-Gorovets,A (2524) Philadelphia 2017} *

[Event "Silver Lake Open-A 2018"]
[Site "Veliko Gradiste"]
[Date "2018.06.18"]
[Round "2"]
[White "Pantelic, Sasa"]
[Black "Damljanovic, Branko"]
[Result "*"]
[WhiteElo "2338"]
[BlackElo "2499"]
[Annotator "TA"]
[PlyCount "27"]
[EventDate "2018.06.17"]
[EventType "swiss"]
[EventCountry "SRB"]
[SourceTitle "playchess.com"]
[Source "ChessBase"]
[SourceQuality "1"]

{[%evp 14,15,32,5]} 1. d4 Nf6 2. c4 g6 3. Nc3 Bg7 4. e4 d6 5. f3 O-O 6. Be3 c5 7. Nge2 Nc6 8. Qd2 {LiveBook: 210 Games. E81: King's Indian: Sämisch: 6th move deviations (including 6 Be3 c6)} (8. d5 $5 {[%cal Rd5c6]} Ne5 9. Ng3 $11) {Predecessor:} 8... Qa5 $146 9. Rd1 Bd7 10. b3 a6 11. dxc5 dxc5 12. Nd5 Nxd5 13. exd5 Nb4 14. Kf2 {½-½ (14) Dreev,A (2644)-Van Foreest,J (2541) Wijk aan Zee 2016} *

[Event "Silver Lake Open-A 2018"]
[Site "Veliko Gradiste"]
[Date "2018.06.18"]
[Round "2"]
[White "Eric, Jovana"]
[Black "Gazik, Viktor"]
[Result "*"]
[WhiteElo "2324"]
[BlackElo "2490"]
[Annotator "TA"]
[PlyCount "37"]
[EventDate "2018.06.17"]
[EventType "swiss"]
[EventCountry "SRB"]
[SourceTitle "playchess.com"]
[Source "ChessBase"]
[SourceQuality "1"]

{[%evp 13,14,37,52]} 1. e4 c5 2. Nf3 Nf6 3. e5 Nd5 4. Nc3 e6 5. Nxd5 exd5 6. d4 Nc6 7. dxc5 Bxc5 {LiveBook: 239 Games} {Predecessor:} 8. Bd3 $146 d6 9. exd6 Qxd6 10. O-O O-O 11. Re1 h6 12. h3 Bd7 13. Be3 d4 14. Bd2 Rfe8 15. a3 Qd5 16. b4 Bd6 17. c4 dxc3 18. Rxe8+ Rxe8 19. Bxc3 {½-½ (29) So,W (2792)-Mamedyarov,S (2804) Wijk aan Zee 2018} *

[Event "Silver Lake Open-A 2018"]
[Site "Veliko Gradiste"]
[Date "2018.06.18"]
[Round "3"]
[White "Georgiev, Kiril"]
[Black "Dinev, Dejan"]
[Result "1-0"]
[WhiteElo "2590"]
[BlackElo "2285"]
[Annotator "TA"]
[PlyCount "53"]
[EventDate "2018.06.17"]
[EventType "swiss"]
[EventCountry "SRB"]
[SourceTitle "playchess.com"]
[Source "ChessBase"]
[SourceQuality "1"]

{[%evp 17,53,35,108,9,104,15,26,25,14,15,22,19,88,63,103,108,123,102,183,168,203,181,187,181,237,233,235,249,226,187,645,640,693,656,1007,963,1822,1630]} 1. d4 d5 2. c4 e6 3. Nc3 Nf6 4. Nf3 Be7 5. Bf4 O-O 6. e3 c5 7. dxc5 Bxc5 8. a3 Nc6 9. Qc2 d4 {LiveBook: 11 Games. D37: Queen's Gambit Declined: 5 Bf4} (9... Re8 $14) 10. Rd1 ({Better is} 10. O-O-O $16) 10... Qe7 (10... e5 $11 {keeps the balance.} 11. Nxe5 Qe8 12. Nxc6 dxc3) 11. exd4 ({White should try} 11. Nxd4 $16 Bxd4 12. exd4) 11... Nxd4 $11 {The position is equal.} 12. Nxd4 {[#] Hoping for Nb3.} ({Not} 12. Rxd4 Bxd4 13. Nxd4 e5 $17) 12... e5 13. Be2 {[%cal Bf1e2,Be2f3,Bf3d5][%mdl 32]} exf4 14. O-O Re8 (14... Rd8 $11 15. Nf3 Bb6) 15. Bf3 g5 16. b4 $36 {[%mdl 2048] Black is under strong pressure.} Bxd4 17. Rxd4 Qe5 (17... Bg4 $16 {is a better defense.}) 18. Qd2 $18 g4 19. Bd5 f3 20. Rd1 Re7 (20... Rb8 $142 21. gxf3 gxf3) 21. gxf3 gxf3 22. Bxf3 Bh3 23. Nd5 Re6 $2 {[#]} (23... Nxd5 24. Rxd5 Qf6 25. Rg5+ Kf8) 24. Nf4 {White is clearly winning.} Qg5+ 25. Kh1 Qf5 26. Bxb7 Ne4 27. Rg1+ {Precision: White = 48%, Black = 22%.} 1-0

[Event "Silver Lake Open-A 2018"]
[Site "Veliko Gradiste"]
[Date "2018.06.18"]
[Round "3"]
[White "Savic, Miodrag R"]
[Black "Low, Zhen Yu Cyrus"]
[Result "1/2-1/2"]
[WhiteElo "2545"]
[BlackElo "2387"]
[Annotator "TA"]
[PlyCount "104"]
[EventDate "2018.06.17"]
[EventType "swiss"]
[EventCountry "SRB"]
[SourceTitle "playchess.com"]
[Source "ChessBase"]
[SourceQuality "1"]

{[%evp 24,104,21,14,15,0,2,0,7,0,0,0,16,0,0,0,22,0,0,2,2,0,0,-16,5,-15,-15,-28,-15,-32,0,0,0,0,0,0,0,0,0,0,0,-8,-8,-8,0,0,8,8,8,8,8,8,8,8,8,8,8,8,8,8,8,8,8,8,8,8,8,8,8,8,8,8,8,8,8,0,8,0,0,0,0,0,29988]} 1. e4 e5 2. Nf3 Nf6 3. Nxe5 d6 4. Nf3 Nxe4 5. d3 Nf6 6. d4 d5 7. Bd3 Bd6 8. O-O O-O 9. h3 h6 10. Re1 Re8 {C01: French: Exchange Variation} 11. Rxe8+ Qxe8 12. Nc3 c6 13. Ne2 {LiveBook: 4 Games} Ne4 14. Bf4 Bxf4 15. Nxf4 Bf5 16. c4 dxc4 17. Bxc4 Nd6 18. Bb3 Nd7 19. Qd2 Qf8 20. Ne5 Nxe5 21. dxe5 Ne4 22. Qe3 Qc5 23. e6 fxe6 24. Re1 (24. g4 {feels hotter.} Qxe3 25. fxe3 g5 26. gxf5 gxf4 27. Bxe6+ Kg7 28. exf4 Rd8 29. Re1) 24... Qxe3 25. Rxe3 Nc5 26. g4 g5 27. Nxe6 {The position is equal.} Bxe6 28. Bxe6+ $11 {[%mdl 4096] Endgame KRB-KRN} Kf8 29. b4 Nxe6 30. Rxe6 {KR-KR} a5 $1 {[%cal Ra5b4]} 31. b5 cxb5 32. Rb6 b4 {White should prevent ...Rd8.} 33. Rxb7 Rc8 {[#] ...Rc2 is the strong threat.} 34. Rb5 Rc3 35. Rxa5 Rxh3 36. Rf5+ Ke7 37. f3 {Hoping for Kg2.} h5 $1 38. gxh5 Rxh5 39. Kg2 Ke6 40. Rb5 Rh4 41. Rxg5 b3 42. axb3 {Strongly threatening Rg4.} Rb4 43. Kg3 Rxb3 44. Kg4 Kf6 45. Rh5 Rb1 46. Rh6+ Kf7 47. f4 Rb5 48. Rd6 Ra5 49. Rh6 Rb5 50. Rh5 Rxh5 51. Kxh5 Kf6 52. f5 Ke5 $4 {[%mdl 40960] Precision: White = 52%, Black = 71%. . An unexpected result.} (52... Kxf5 $11 53. Kh6) 1/2-1/2